000 00444nam a2200181Ia 4500
008 131103s9999 xx 000 0 und d
020 _cRs.250.00
040 _aLoreto College
041 _aEnglish
082 _a370.15/ROY
_bLCBED/12761
100 _aRoy, Susil
245 _aSikha Monobidya
_cSusil Roy
260 _aKolkata
_bSoma
_c2000
300 _a727p
_c 23cm.
650 _aPsychology
850 _aLCBED/370.15/ROY
942 _cBK
999 _c27070
_d77549